ბათუმის შოთა რუსთაველის სახელმწიფო უნივერსიტეტის ბიბლიოთეკა

Биологические основы агротехники плодоводства (ბიბ.ჩანაწერი № 45993)

000 -LEADER
fixed length control field 00677nam a2200217Ia 4500
001 - CONTROL NUMBER
control field 12822
003 - CONTROL NUMBER IDENTIFIER
control field GE_BSU
008 - FIXED-LENGTH DATA ELEMENTS--GENERAL INFORMATION
fixed length control field 181216s||||||||xx |||||||||||||| ||und||
040 ## - CATALOGING SOURCE
Transcribing agency GE_BSU
080 ## - UNIVERSAL DECIMAL CLASSIFICATION NUMBER
Universal Decimal Classification number 634.1
100 ## - MAIN ENTRY--PERSONAL NAME
Personal name Шитт,П.Т.
245 ## - TITLE STATEMENT
Title Биологические основы агротехники плодоводства
260 ## - PUBLICATION, DISTRIBUTION, ETC.
Place of publication, distribution, etc. Москва
260 ## - PUBLICATION, DISTRIBUTION, ETC.
Name of publisher, distributor, etc. Сельхозгиз
260 ## - PUBLICATION, DISTRIBUTION, ETC.
Date of publication, distribution, etc. 1952
300 ## - PHYSICAL DESCRIPTION
Extent 360стр.илл.фото.20см.
653 ## - INDEX TERM--UNCONTROLLED
Uncontrolled term Биологические основы агротехники плодоводства
653 ## - INDEX TERM--UNCONTROLLED
Uncontrolled term აგროტექნიკა
653 ## - INDEX TERM--UNCONTROLLED
Uncontrolled term ბიოლოგია
942 ## - ADDED ENTRY ELEMENTS (KOHA)
Koha item type წიგნი
ეგზემპლარები
Withdrawn status Lost status Damaged status Not for loan Date acquired Barcode Date last seen Price effective from Koha item type
        2018-12-17 21015 2018-12-17 2018-12-17 წიგნი